Quo vadis manažment?

Pokračovanie článku z predchádzajúceho čísla o práci manažérov v organizáciách. Rozlíšenie manažéra (riadiaceho pracovníka) od lídra (vedúceho) a rozdiely medzi nimi. Spojenie organizovania a kontrolovania.

Salvato in:
Dettagli Bibliografici
Autore principale: Marsina, Štefan
Natura: Capitolo di libro
Lingua:slovacco
Soggetti:
Tags: Aggiungi Tag
Nessun Tag, puoi essere il primo ad aggiungerne!!

MARC

LEADER 00000naa a2200000 4500
001 0168299
005 20240502072930.9
041 0 |a slo 
044 |a SK 
245 1 0 |a Quo vadis manažment?  |c Štefan Marsina 
520 |a Pokračovanie článku z predchádzajúceho čísla o práci manažérov v organizáciách. Rozlíšenie manažéra (riadiaceho pracovníka) od lídra (vedúceho) a rozdiely medzi nimi. Spojenie organizovania a kontrolovania. 
610 2 0 |a manažment 
610 2 0 |a manažéri 
610 2 0 |a lídri 
610 2 0 |a vodcovstvo 
610 2 0 |a vedenie ľudí 
610 2 0 |a plánovanie 
610 2 0 |a kontrola 
610 2 0 |a rozhodovanie manažérske 
100 1 |a Marsina, Štefan